00496nam a2200157Ia 450000500170000000800410001708200130005810000180007124500220008926000510011130000120016250000480017494200060022295200950022899900150032320250408032805.0240331s9999 xx 000 0 und d bJAMa010 aJameel, S.H.M 0aSuvadi arruppadai aKalmunaibIslamic Book Publishing Centrec1994 a64 p ., aBibliography of Books by Sri Lankan Muslims cL 001040708LaWERCLbWERCLcSSCd2024-03-31l0o 010 JAMp3323r2024-03-31w2024-03-31yL c3562d3562